Democracia y totalitarismo / (Record no. 26162)

MARC details
000 -LEADER
campo de control de longitud fija 00753nam a2200241 i 4500
001 - NÚMERO DE CONTROL
campo de control 26162
003 - IDENTIFICADOR DE NÚMERO DE CONTROL
campo de control ES-MaACL
005 - FECHA Y HORA DE LA ÚLTIMA TRANSACCIÓN
campo de control 20251015063043.0
007 - CAMPO FIJO DE DESCRIPCIÓN FÍSICA--INFORMACIÓN GENERAL
campo de control de longitud fija t|
008 - DATOS DE LONGITUD FIJA--INFORMACIÓN GENERAL
campo de control de longitud fija 030108s1968 sp ||||1| spa d
100 1# - ENTRADA PRINCIPAL--NOMBRE DE PERSONA
Nombre de persona Aron, Raymond,
Fechas asociadas al nombre 1905-1983
9 (RLIN) 23155
245 10 - MENCIÓN DEL TÍTULO
Título Democracia y totalitarismo /
Mención de responsabilidad, etc. Raymond Aron ; [Traducción de Angel Viñas].
250 ## - MENCION DE EDICION
Mención de edición [1ª ed.].
260 ## - PUBLICACIÓN, DISTRIBUCIÓN, ETC.
Lugar de publicación, distribución, etc. Barcelona :
Nombre del editor, distribuidor, etc. Seix Barral,
Fecha de publicación, distribución, etc. 1968.
300 ## - DESCRIPCIÓN FÍSICA
Extensión 311 p. ;
Dimensiones 20 cm.
490 1# - MENCIÓN DE SERIE
Mención de serie Ciencias humanas ;
Designación de volumen o secuencia 275
650 #7 - PUNTO DE ACCESO ADICIONAL DE MATERIA--TÉRMINO DE MATERIA
Término de materia o nombre geográfico como elemento de entrada Democracia
Fuente del encabezamiento o término embne
9 (RLIN) 11574
650 07 - PUNTO DE ACCESO ADICIONAL DE MATERIA--TÉRMINO DE MATERIA
Término de materia o nombre geográfico como elemento de entrada Totalitarismo
Fuente del encabezamiento o término embne
9 (RLIN) 17571
700 1# - ENTRADA AGREGADA--NOMBRE PERSONAL
Nombre de persona Viñas, Ángel,
Fechas asociadas al nombre 1941-
9 (RLIN) 115369
830 0# - PUNTO DE ACCESO ADICIONAL DE SERIE-TÍTULO UNIFORME
Título uniforme Ciencias humanas ;
Designación de volumen o secuencia 275
9 (RLIN) 229162
852 ## - LOCALIZACIÓN
Ubicación ES-MaACL
Número de control de estantería G-3931
Sublocalización o colección R.65598
Holdings
Estatus retirado Estado de pérdida Estado de daño No para préstamo Biblioteca de origen Biblioteca actual Ubicación en estantería Fecha de adquisición Fuente de adquisición Total de préstamos Signatura topográfica completa Código de barras Visto por última vez Precio de reemplazo Tipo de ítem Koha
        Biblioteca del Ateneo de Madrid Biblioteca del Ateneo de Madrid Depósito 2 17/01/2008     G-3931 1026999 23/02/2023 23/02/2023 Libro impreso